000 00707nam a2200229 a 4500
001 47326
003 BD-RjUL
005 20211209054309.0
008 160808r16961959bg ||||| |||| 00| 0 eng d
020 _c: Tk. 1.75
035 _a(BD-RjUL)47445
040 _aBD-RjUL
_bben
_cBD-RjUL
041 _aben
082 _223
_a891.441
_bUDR 1965
100 1 _aউদদীন, জসীম
_9144026
245 1 0 _aরাখালী /
_cজসীম উদদীন
260 _aঢাকা :
_bফিরোজ আনোয়ার,
_c১৯৬৫.
300 _a৬৪ পৃ ;
_c২১ সেমি.
650 _aবাংলা কবিতা
_9144027
650 _aBengali poem
_9144028
942 _2ddc
_cBK
999 _c47326
_d47326